000
00308nam a2200121 a 4500
008
101213s1952|||| d
245
1
0
_a
Sborové písně a tance Sovětské armády
100
1
_a
Horák - Kos - Kremlík
260
_b
Naše vojsko
_a
Praha
_c
1952
020
_c
96
044
_a
CZ
041
_a
cze
999
_c
14191
_d
14191